LEADER 01251nam0-22004331i-450- 001 990005699160403321 005 20140507124729.0 035 $a000569916 035 $aFED01000569916 035 $a(Aleph)000569916FED01 035 $a000569916 100 $a20120517d1978----km-y0itaa50------ba 101 0 $aita 102 $aIT 105 $af-------001yy 200 1 $a<>censura nel periodo fascista$fMaurizio Cesari 210 $aNapoli$cLiguori$d1978 215 $a130 p., 16 tav.$d21 cm 225 1 $a<>istituzioni culturali$fcollana diretta da Giuliano Manacorda$v3 610 0 $aCensura di stampa$aItalia$a1922-1945 610 0 $aCensura sugli spettacoli$aItalia$a1922-1945 676 $a303.376$v21$zita 676 $a945.091 700 1$aCesari,$bMaurizio$038404 801 0$aIT$bUNINA$gRICA$2UNIMARC 901 $aBK 912 $a990005699160403321 952 $aIII 263$b494 dpa$fDDCIC 952 $a303.376 CES 1$bBIBL. 59914$fFLFBC 952 $aF.Russo 739$fBAT 952 $aDP IX-120$b5125$fDEC 952 $aXI N 414 (3)$b20226*$fFGBC 959 $aDDCIC 959 $aFLFBC 959 $aBAT 959 $aDEC 959 $aFGBC 996 $aCensura nel periodo fascista$9602865 997 $aUNINA LEADER 01855oam 2200553M 450 001 9910716262703321 005 20200213070503.4 035 $a(CKB)5470000002519497 035 $a(OCoLC)1065770153 035 $a(OCoLC)995470000002519497 035 $a(EXLCZ)995470000002519497 100 $a20071213d1926 ua 0 101 0 $aeng 135 $aurcn||||||||| 181 $ctxt$2rdacontent 182 $cc$2rdamedia 183 $acr$2rdacarrier 200 10$aJohn A. Olson. February 8, 1926. -- Committed to the Committee of the Whole House and ordered to be printed 210 1$a[Washington, D.C.] :$c[U.S. Government Printing Office],$d1926. 215 $a1 online resource (2 pages) 225 1 $aHouse report / 69th Congress, 1st session. House ;$vno. 220 225 1 $a[United States congressional serial set ] ;$v[serial no. 8535] 300 $aBatch processed record: Metadata reviewed, not verified. Some fields updated by batch processes. 300 $aFDLP item number not assigned. 606 $aClaims 606 $aMalicious mischief 606 $aVandalism 606 $aFires 606 $aForest reserves 606 $aLegislative amendments 606 $aPark rangers 608 $aLegislative materials.$2lcgft 615 0$aClaims. 615 0$aMalicious mischief. 615 0$aVandalism. 615 0$aFires. 615 0$aForest reserves. 615 0$aLegislative amendments. 615 0$aPark rangers. 701 $aAppleby$b Stewart Hoffman$f1890-1964$pRepublican (NJ)$01386847 801 0$bWYU 801 1$bWYU 801 2$bOCLCO 801 2$bOCLCQ 801 2$bOCLCO 906 $aBOOK 912 $a9910716262703321 996 $aJohn A. Olson. February 8, 1926. -- Committed to the Committee of the Whole House and ordered to be printed$93482183 997 $aUNINA